[Event "Match 69_120'/40"]
[Site "Zürich"]
[Date "2022.??.??"]
[Round "11"]
[White "Excel Mach III 68000"]
[Black "Mephisto Almeria 68000"]
[Result "0-1"]
[WhiteElo "2021"]
[BlackElo "2079"]
[Annotator "KUT"]
[PlyCount "99"]
[EventDate "2022.??.??"]

{[%evp 0,87,19,38,60,60,55,50,36,36,31,34,78,34,44,35,17,27,33,30,34,34,34,24,
22,7,17,16,39,38,18,11,8,18,26,-19,4,-33,-16,-20,-25,-29,-7,-56,-49,-90,-73,
-78,5,-42,-32,-41,-20,-20,-22,-20,19,15,12,-1032,-972,-972,-1004,-1002,-1120,
-1123,-835,-862,-846,-867,-910,-865,-905,-953,-693,-715,-729,-746,-718,-744,
-751,-761,-770,-772,-795,-875,-874,-910,-923,-922]} 1. e4 c6 {Match 120'/40 |
Bediener: Rolf Bühler | 11. Partie: Schwarz (Almeria 68000) gewinnt |
Zwischenstand: 6,0-5,0 (54,5%) für den Mephisto Almeria 68000 | Das
Capablanca-System in der Caro-Kann-Verteidigung führt auch in dieser Partie
zu einem ausgeglichenen Mittelspiel. Die gegensätzlichen Rochaden versprechen
einen interessanten Kampf ... oder hätten versprechen sollen. Denn der Mach
III 68000 begeht mit 29.Td4?? einen offensichtlichen und katastrophalen Fehler,
der den simplen taktischen Einschlag 29...Sxb3 mit sofortiger Gewinnstellung
für den Mephisto Almeria 68000 zur Folge hat. Es scheint, dass der Mach III
die Königssicherheit gar nicht oder nur rudimentär berücksichtigt.} 2. d4 d5
3. Nc3 dxe4 4. Nxe4 Bf5 5. Ng3 Bg6 6. h4 h6 7. Nf3 Nd7 8. h5 Bh7 9. Bd3 Bxd3
10. Qxd3 Qc7 11. Bd2 e6 12. Qe2 Ngf6 13. O-O-O c5 {***ENDE BUCH***} 14. Bc3
cxd4 15. Nxd4 Be7 16. Kb1 {***ENDE BUCH***} O-O 17. Nf3 a5 18. Nf5 Bc5 19. N5d4
Nd5 20. Bd2 Qb6 21. c3 a4 22. Qd3 a3 23. b3 Bxd4 24. Nxd4 Rfc8 25. Rde1 Nc5 26.
Qg3 Na4 27. Ne2 Kf8 28. Rh4 Nc5 {MIt der offensichtlichen Drohung, auf b3 zu
schlagen.[#]} 29. Rd4 $4 {Ein katastrophaler Fehler, den man von einem Excel
Mach III 68000 nie und nimmer erwarten würde, und wohl der stark mangelnden
Königssicherheit zuzuschreiben ist. Das Programm von Kathe & Dan Spracklen
braucht gut 7 Min und Suchtiefe 6, bis es 29.c4! findet. Der Mephisto Almeria
68000 hingegen zeigt den Vernichtungszug 29...Sxb3 in gerade mal 2 Sek. an und
würde den Fehler seines Gegners wohl selbst auf Blitzstufe 5 Min nicht
begehen.} Nxb3 30. Kc2 (30. axb3 Qxb3+ 31. Kc1 a2 $19) 30... Nxd4+ 31. Nxd4
Qxd4 32. Rb1 Nf6 33. Qd3 Qxf2 {Schwarz mit einem Turm plus 2 Bauern mehr
gewinnt schon fast im Schlaf.} 34. Qf3 Qd4 35. Rxb7 e5 36. Qd3 Qxd3+ 37. Kxd3
Nxh5 38. c4 Ke8 39. Rb5 f6 40. g4 Rd8+ 41. Kc2 Ng3 42. Rb7 Nf1 43. Bc1 Rac8 44.
Kc3 Rd4 45. Bxa3 Rcxc4+ 46. Kb2 Rd2+ 47. Kb3 Rxg4 48. Bb2 Rd7 49. Rxd7 Kxd7 50.
a3 {***AUFGEGEBEN***} 0-1

[Event "Match 69_120'/40"]
[Site "Zürich"]
[Date "2022.??.??"]
[Round "12"]
[White "Mephisto Almeria 68000"]
[Black "Excel Mach III 68000"]
[Result "1-0"]
[WhiteElo "2079"]
[BlackElo "2021"]
[Annotator "KUT"]
[PlyCount "136"]
[EventDate "2022.??.??"]

{[%evp 0,136,19,-12,-12,-11,-18,-15,-17,-17,-14,-33,-25,-62,-34,-32,-28,-6,0,
-13,21,22,20,-23,22,-22,-7,-29,4,-17,-25,-20,29,-9,-22,-12,-3,-9,-11,-5,-6,-13,
-16,-9,2,9,28,34,38,33,17,0,16,4,46,21,52,45,76,43,65,22,32,19,26,15,67,15,15,
15,87,15,15,15,29,15,84,15,15,15,15,15,15,15,15,15,15,15,15,15,15,15,130,15,15,
15,15,15,15,15,15,15,15,15,58,15,15,15,15,15,15,-43,-42,-39,-26,-26,-68,-77,0,
0,0,0,111,153,172,160,203,64,613,660,704,704,1009,1192,1541,1641,1708,29590,
29979]} 1. c4 e5 {Match 120'/40 | Bediener: Rolf Bühler | 12. Partie: Weiss 
(Almeria) gewinnt | Zwischenstand: 7,0-5,0 (58,3%) für den Mephisto Almeria
68000 | Im Englischen Vierspringerspiel gelingt es keinem der beiden Programme,
etwas herauszuholen. Und schon nach 20 Zügen befinden sich die Kontrahenten
in einem ausgeglichenen Doppel-Turmendspiel. Es sieht so aus, als ob die Sache
friedlich zu Ende geht. Zwei ungenaue Turmzüge des Fidelity Excel Mach III
68000 genügen dann jedoch, das Rad zugunsten von Weiss zu drehen. Der
c-Freibauer von Almeria 68000 erweist sich seinem Kollegen auf der h-Linie
weit überlegen. Und so muss der Mach III seine dritte Niederlage in Folge
einstecken.} 2. Nc3 Nc6 3. Nf3 Nf6 4. e3 Bb4 {***ENDE BUCH***} 5. Qb3 d6 6. Be2
O-O 7. O-O {***ENDE BUCH***} e4 {Nach 5...d6 passt dieser Vorstoss nicht mehr
so richtig in den schwarzen Aufbau, der eine schwarzfeldrige Strategie
angestrebt hat.} 8. Nd4 Nxd4 9. exd4 a5 10. a3 Bxc3 11. bxc3 b6 {Auch ...a4
kam in Frage.} 12. d3 Re8 13. Bg5 Bf5 14. dxe4 Bxe4 $11 {Die Lage im Zentrum
hat sich geklärt und ein offener Kampf steht bevor.} 15. Rfe1 Qe7 16. Bf3 Qd7
17. Qd1 Qf5 18. Bxf6 Bxf3 19. Qxf3 Qxf3 20. gxf3 gxf6 $11 {Und schon dürfen
sich die Kontrahenten in einem ausgeglichenen Doppelturm-Endspiel bewähren.
Selbst der Tausch aller vier Türme auf der einzigen offenen Linie und das
Bauernendspiel danach sollte mit Remis enden.} 21. Re3 {Ein Versuch, die
Türme zu verdoppeln in der Meinung, dass Schwarz nicht ...Txe3 spielen wird,
weil dadurch die weisse Bauernstellung eine Aufwertung erfährt.} Rxe3 $6 {
Der Excel Mach III 68000 scheut trotzdem den Turmtausch nicht, muss dem Gegner
dadurch allerdings jetzt einen kleinen Vorteil einräumen.} (21... Re6 22. Rae1
Rae8 $11) 22. fxe3 Kh8 {Eher würde man 22...f5, was nach einmal e3-e4 die
Auflösung des Doppelbauern erlaubt, oder 22...a4, was dem weissen König den
Zugang am Damenflügel verwehrt, erwarten.} 23. Kf2 Rg8 24. a4 Rg6 25. Ra2 Kg7
26. Rb2 Kh6 $2 {Das gibt dem Weissen wieder Auftrieb. Normal sieht 26...f5 aus,
was dem König das Feld f6 - Richtung Zentrum - freimacht.} 27. Rb5 Rg8 {
Es bleibt 27...Tg5 näher zu untersuchen.} 28. e4 Re8 29. Rf5 Kg6 30. Rf4 $6 {
Auf der 5. Reihe fühlte sich der Turm sehr wohl, weshalb es wenig Sinn macht,
ihn - wenn auch nur vorübergehend - auf f4 zu "vergraben".} h5 31. Ke3 c6 32.
h4 Rg8 33. Rf5 Rc8 {In der Zwischenzeit hat sich der weisse Stellungsvorteil
recht verdünnt. Nun folgt ein längeres Hin- und Her Geschiebe, ohne dass
sich am Charakter der Stellung etwas Wichtiges verändert.} 34. Kd3 Re8 $2 {
Gibt dem Gegner eine Gewinnchance, die nach 34...Tc7 nicht vorhanden wäre.} ({
Nach} 34... Rc7 {bringt} 35. c5 {nichts ein wegen} bxc5 36. d5 (36. dxc5 d5 $1
$11) 36... cxd5 37. Rxd5 Rc6 {Jetzt sieht man den Unterschied zur
nachfolgenden Variante 35.c5: Schwarz kann den d6-Bauern halten und das
Eindringen des weissen Königs nach b5 verhindern.} 38. Kc4 Rb6 $11) 35. Kd2 $2
{Weiss nutzt seine Chance nicht, wobei klar ist, dass die ganze Variante viel
zu tief ist.} (35. c5 $1 bxc5 (35... dxc5 36. dxc5 Rb8 (36... b5 37. axb5 cxb5
38. c6 Rc8 39. Rxb5 Rxc6 40. Rxa5 $18) 37. cxb6 Rxb6 38. Kc2 Ra6 39. Rc5 Kh6
40. Kd3 Kg6 41. Kc4 Kh6 42. Rf5 Kg6 43. Kc5 $18) 36. d5 $1 cxd5 37. Rxd5 Rb8
38. Rxd6 Rb1 39. Kc4 Rh1 40. Kxc5 Rxh4 41. c4 Rh2 42. Kb6 Rc2 43. c5 h4 44. c6
h3 45. Rd8 Kg7 46. c7 h2 47. Rd1 $1 Rc4 48. Rh1 Rc2 49. Rxh2 $18) 35... Rc8 36.
Ke3 Rc7 37. Kd3 Re7 $2 {Verlässt die c-Linie wieder und würde nun nach 38.
c5! in Verluststellung geraten. Es ist wichtig, dass der Turm auf der c-Linie
bleibt, um in den gezeigten Gewinnversuchen von Weiss das Manöver ...Tc6 zur
Verfügung zu haben.} 38. Kd2 $2 {Geht erneut am Gewinn mit 38.c5! vorbei.} Rc7
39. Kc2 Rc8 40. Kb2 Re8 {Wir wissen es: Nun kann sich Schwarz das erlauben,
weil in der Variante 41.c5 Schwarz am Ende die Rettung ...Tb8+ nebst ...Tb6
hat.} 41. Rf4 Rb8 42. Kb3 Rb7 43. Kc2 Rb8 44. Kb2 Rc8 45. Kb3 Rg8 46. Rf5 Re8
47. Kb2 Re7 48. Kc2 Rc7 49. Rf4 Rb7 50. Kb3 Rb8 51. Ka3 Re8 52. Ka2 Rb8 53. Rf5
Rc8 54. Ka3 Rb8 55. c5 {Endlich geht es weiter mit einem Bauernzug, der aber
Weiss keinen Vorteil bringen sollte.} bxc5 56. dxc5 (56. d5 {Diese altbekannte
Variante bringt nichts ein wegen} cxd5 57. Rxd5 Rb6 $11) 56... d5 $1 {Nutzt
den Umstand aus, dass e4xd5 wegen ...Kxf5 nicht möglich ist.} ({Aber ja nicht
} 56... dxc5 57. Rxc5 $18 {mit wohl siegreichem Turmendspiel für Weiss.}) 57.
Rf4 Rd8 58. Kb3 (58. exd5 Rxd5 $11 {und für Schwarz ist alles im Lot.}) 58...
dxe4 $6 {Kommt dem Weissen entgegen. Mit 58...d4! erhält gar Schwarz leichten
Vorteil.} 59. Rxe4 {Noch immer steht das Endspiel ausgeglichen.[#]} Rd1 $2 {
Schlecht, weil es danach für Schwarz schwierig bis unmöglich wird, das
Endspiel zu halten.} 60. Rd4 $2 {Der Almeria 16-bit verzichtet auf die
richtige Entgegnung und die Bestrafung des Gegners, was durch 60.Te7 oder 60.
Te8 möglich war.} Rh1 $2 {Rutscht vom Ausgleich wieder in den Verlust; mit 60.
..Tb1+ nebst ...Te1 oder sofort 60...Te1 war die Stellung zu halten.} 61. Rd6
$18 Rxh4 62. Rxc6 {Der weisse Freibauer auf der c-Linie ist nun schneller als
der gegnerische auf der h-Linie und zudem kann der schwarze Turm gar nichts
unternehmen, um den Freibauern aufzuhalten.} Rf4 63. Rb6 (63. Rd6 $1 {ist
wesentlich stärker infolge der bedeutend grösseren Bewegungsfreiheit des
Turms.}) 63... Kf5 (63... h4 {verliert ebenso} 64. c6 h3 65. c7 h2 66. c8=Q
h1=Q {denn Schwarz befindet sich in einem Mattnetz der weissen Figuren} 67.
Qg8+ Kf5 {sonst geht die Dame verloren} 68. Rb5+ Ke6 69. Qe8+ Kd6 70. Rb6+ Kc7
71. Qc6+ Kd8 72. Qd6+ Kc8 73. Rb8#) 64. Rd6 Ke5 65. Rd8 h4 66. c6 h3 67. c7
Rxf3 68. c8=Q Kf4 {***AUFGEGEBEN***} 1-0

[Event "Match 69_120'/40"]
[Site "Zürich"]
[Date "2022.??.??"]
[Round "13"]
[White "Excel Mach III 68000"]
[Black "Mephisto Almeria 68000"]
[Result "1-0"]
[WhiteElo "2021"]
[BlackElo "2079"]
[Annotator "KUT"]
[PlyCount "82"]
[EventDate "2022.??.??"]

1. e4 c5 {Match 120'/40 | Bediener: Rolf Bühler | 13. Partie: Weiss (Mach III)
gewinnt | Zwischenstand: 7,0-6,0 (53,8%) für den Mephisto Almeria 68000 | Der
scharfe Velimirovic-Angriff gegen das Sizilianische Scheveninger-System steht
zur Diskussion. Gegen die weissen Angriffsmöglichkeiten des Mach III findet
der Almeria 16-bit nicht die geeignete Gegenwehr, schwächt zuerst das
wichtige Zentrumsfeld d5 und reagiert auf den Bauernvorstoss f5-f6 völlig
falsch, indem er dem Gegner die g-Linie öffnet. Danach war die Partie nicht
mehr zu retten.} 2. Nf3 e6 3. d4 cxd4 4. Nxd4 Nf6 5. Nc3 d6 6. Bc4 Nc6 7. Be3
Be7 8. Qe2 O-O 9. O-O-O a6 10. Bb3 Qc7 11. g4 {***ENDE BUCH***} b5 {***ENDE
BUCH***} 12. g5 {Der letzte Zug 11...b5 aus dem Buch des Almeria 68000 ist
heute weniger gebräuchlich. An dessen Stelle hat sich 11...Sxd4 etabliert.}
Nxd4 13. Rxd4 (13. Bxd4 $1 {ist deutlich zu bevorzugen, zumal der Läufer auf
d4 spürbar besser steht als auf e3.}) 13... Nd7 14. Kb1 $6 {Eine zu zahme
Fortsetzung in dieser angespannten Situation, weshalb 14.Tg1 angebracht war.} (
14. Rg1 Re8 15. Rg3 Bb7 16. Rh3 g6 17. f4 Nc5 18. f5 Nxb3+ 19. axb3 exf5 20.
Qf2 b4 21. Nd5 Bxd5 22. Rxd5 Qc6 23. Rd4 d5 24. exf5 Bc5 25. Qh4 h5 26. gxh6
Kh7 27. fxg6+ fxg6 28. Qf2 Rf8 29. Rf3 Rxf3 30. Qxf3 Qe6 31. Rd3 Rf8 32. Qg3
Rf1+ 33. Kd2 Bd6 34. Qg2 Rf5 35. Kc1 Bf8 36. Kb1 Rh5 37. Bd2 Qe5 38. Qf3 Qf5
39. Qe3 Qf7 40. Qe2 a5 41. Rf3 Rf5 42. Rxf5 gxf5 43. Qa6 f4 44. Qd3+ Kg8 45.
h7+ Qxh7 46. Qxd5+ Kh8 47. Bxf4 Qh3 48. Be5+ Bg7 49. Qd8+ Kh7 50. Qe7 {1-0 (50)
Aronian,L (2764)-Grischuk,A (2766) Leuven 2018}) 14... Nc5 15. Rhd1 {Noch
immer war Thg1 stark.} Nxb3 16. cxb3 {In solchen Stellungen im Sizilianer ist
das Schlagen axb3 allgemein üblicher.} Bb7 17. f4 {Eine andere vielleicht
vielversprechendere Aufstellung besteht in der Stabilisierung des Zentrums
durch 17.f3, um hernach mit h2-h4 einen Königsangriff in die Wege zu leiten.}
Rfc8 18. f5 e5 $2 {Diesen positionell schwachen Zug hätte ich Almeria nicht
zugetraut: Der d6-Bauer wird rückständig, und nach dem kommenden Sc3-d5 muss
das starke Ross geschlagen werden also ...Lxd5, so dass nach Txd5 der Schwarze
zusätzlich mit dem schlechten Läufer verbleibt.} 19. R4d3 b4 20. Nd5 Bxd5 21.
Rxd5 $16 {Nun steht Weiss spürbar besser.} a5 {Ein logischer Versuch, um mit .
..a4 gewisses Gegenspiel zu erhalten.} 22. f6 {Äusserst forsch geht der Mach
III vor.[#]} gxf6 $2 {Dieser die schwarze Königsstellung massiv schwächende
Tausch führt zur Öffnung der g-Linie für den weissen Angriff und muss
deshalb als Verlustzug betrachtet werden. Auch hier hätte ich vom Mephisto
Almeria 68000 ein besseres Verständnis bezüglich Königssicherheit erwartet.
Mit 22...Lf8! vermag Schwarz bedeutend stärkeren Widerstand zu leisten, da
die schwarzen Pforten weit weniger geöffnet werden.} 23. gxf6 Bxf6 {erzwungen}
(23... Bf8 {genügt schon nicht mehr} 24. Qg4+ Kh8 25. Rg1 Qc2+ 26. Ka1 Qc1+
27. Bxc1 Rxc1+ 28. Rxc1 $18) 24. Rxd6 Bg7 25. Qg2 {Der beste Angriffszug.
Schwarz ist bereits verloren.} Kf8 (25... Kh8 26. Rd7 Qc6 27. R1d6 Qb5 28. Rxf7
Rg8 29. Rd5 Qc6 30. Rdd7 Raf8 31. Rc7 Qg6 32. Qxg6 hxg6 33. Bb6 Rxf7 34. Rxf7
Ra8 35. Ra7 $18) 26. Rd7 Qc6 27. R1d6 $1 {Furchtbar, wie die weissen Figuren
im gegnerischen Lager einbrechen.} Qxd6 {Pure Verzweiflung.} (27... Qb5 28. Qf3
{nebst Matt in 6 Zügen}) 28. Rxd6 {Mit seiner Dame gegen den Turm ist der
Sieg für Weiss kinderleicht.} Rd8 29. Qd2 Rxd6 30. Qxd6+ Kg8 31. Qd5 Re8 32.
Qxa5 Bf8 33. Bd2 Rb8 34. Qxe5 Rb6 35. Qa5 Rg6 36. Bxb4 Bxb4 37. Qxb4 Rg2 38. a4
Rg1+ 39. Ka2 Rg2 40. Qb8+ Kg7 41. a5 Rg5 {***AUFGEGEBEN***} 1-0